| 000 | 02558cam a2200637Ii 4500 | ||
|---|---|---|---|
| 001 | ocn906803966 | ||
| 003 | OCoLC | ||
| 005 | 20211027182352.0 | ||
| 006 | m d | ||
| 007 | cr cnu|||unuuu | ||
| 008 | 150408s2014 gau ob 001 0 eng d | ||
| 040 |
_aN$T _beng _erda _epn _cN$T _dN$T _dJSTOR _dYDXCP _dIDEBK _dVLB |
||
| 020 |
_a9781589839656 _qelectronic bk. |
||
| 020 |
_a158983965X _qelectronic bk. |
||
| 020 | _z9781589839649 | ||
| 035 | _a(OCoLC)906803966 | ||
| 037 |
_a22573/ctt13z9jz7 _bJSTOR |
||
| 050 | 4 |
_aPN147 _b.S25 2014eb |
|
| 072 | 7 |
_aLAN _x005000 _2bisacsh |
|
| 072 | 7 |
_aLAN _x015000 _2bisacsh |
|
| 072 | 7 |
_aREF _x026000 _2bisacsh |
|
| 072 | 7 |
_aLAN028000 _2bisacsh |
|
| 072 | 7 |
_aREF020000 _2bisacsh |
|
| 072 | 7 |
_aREL006680 _2bisacsh |
|
| 082 | 0 | 4 |
_a808/.027 _223 |
| 049 | _aMAIN | ||
| 245 | 0 | 4 |
_aThe SBL handbook of style : _bfor biblical studies and related disciplines / _cBillie Jean Collins, project director ; Bob Buller, publishing director ; John F. Kutsko, executive director. |
| 246 | 3 | _aSociety of Biblical Literature handbook of style | |
| 250 | _aSecond edition. | ||
| 264 | 1 |
_aAtlanta, Georgia : _bSBL Press, _c[2014] |
|
| 300 | _a1 online resource. | ||
| 336 |
_atext _btxt _2rdacontent |
||
| 337 |
_acomputer _bc _2rdamedia |
||
| 338 |
_aonline resource _bcr _2rdacarrier |
||
| 588 | 0 | _aVendor-supplied metadata. | |
| 504 | _aIncludes bibliographical references and index. | ||
| 630 | 0 | 0 |
_aBible _xHistoriography _xAuthorship _vStyle manuals. |
| 650 | 0 |
_aChurch history _xAuthorship _vStyle manuals. |
|
| 650 | 0 |
_aHistory, Ancient _xAuthorship _vStyle manuals. |
|
| 651 | 0 |
_aMiddle East _xHistory _xAuthorship _vStyle manuals. |
|
| 651 | 0 |
_aMiddle East _xCivilization _yTo 622 _xHistoriography _vHandbooks, manuals, etc. |
|
| 650 | 7 |
_aLANGUAGE ARTS & DISCIPLINES / Composition & Creative Writing _2bisacsh |
|
| 650 | 7 |
_aLANGUAGE ARTS & DISCIPLINES / Rhetoric _2bisacsh |
|
| 650 | 7 |
_aREFERENCE / Writing Skills _2bisacsh |
|
| 650 | 7 |
_aLANGUAGE ARTS & DISCIPLINES / Style Manuals _2bisacsh |
|
| 655 | 4 | _aElectronic books. | |
| 700 | 1 |
_aCollins, Billie Jean, _ecompiler. |
|
| 700 | 1 |
_aBuller, Bob, _ecompiler. |
|
| 700 | 1 |
_aKutsko, John F., _d1963- _ecompiler. |
|
| 710 | 2 | _aSociety of Biblical Literature. | |
| 856 | 4 | 0 |
_3EBSCOhost _uhttps://search.ebscohost.com/login.aspx?direct=true&scope=site&db=nlebk&db=nlabk&AN=970822 |
| 938 |
_aEBSCOhost _bEBSC _n970822 |
||
| 938 |
_aYBP Library Services _bYANK _n12357098 |
||
| 938 |
_aIngram Digital eBook Collection _bIDEB _ncis31263792 |
||
| 994 |
_a92 _bN$T |
||
| 999 |
_c50450 _d50450 |
||